000 00767cab a2200229 4500
001 ABS40329
008 090401t1989 xxu||||| |||| 00| 0 eng d
035 _a(Sirsi) u23104
041 _aeng
100 _aPrince, P.
245 _aWalls with insulated cavities
260 _c1989
350 _a0
490 _aHouse Builder
_v48(2) February 1989, 55-59(2)
520 _aGives brief guidance to good practice on site when installing cavity wall insulation , illustrating problems which may arise through bad workmanship.
650 _aBUILDING FAILURES
650 _aDAMP
650 _aBUILT ENVIRONMENT-BUILDING ELEMENTS-COMPLETE BUILDING ELEMENTS-WALLS
690 _aBUILDING AND CONSTRUCTION-DEFECTS AND FAILURES
942 _n0
948 _c04/03/1997
999 _c15477
_d15477